000 01384cam a22003737a 4500
003 CHAP
005 20220817043253.0
008 971013s1987 r 00010 d
010 _a70058
011 _a71030
035 _a80584
040 _cCHAP
090 _aTesis
100 0 0 _aCamarena Medrano, Ovidio.
_917728
245 1 3 _aLa economía campesina maya y el Programa de Desarrollo Rural Integrado del Tropico Humedo. (PRODERITH) proyecto Tizimin, Yucatán
260 _aChapingo, Méx. :
_bEl autor,
_c1987
300 _a114 p.
502 _aTesis (M.C. Esp. en Sociología Rural) --UACH. Departamento de Sociología Rural
590 _aALEPH
_b10
_c20130110
_lUCH01
_h1410
590 _aBATCH-UPD
_b10
_c20130110
_lUCH01
_h0602
590 _aBATCH-UPD
_b10
_c20130410
_lUCH01
_h0244
590 _aBATCH-UPD
_b10
_c20130914
_lUCH01
_h0037
590 _aCONVERSION
_b10
_c20130109
_lUCH01
_h1338
650 1 4 _aAgricultura
_xYucatán.
_91902
650 1 4 _aAgricultura
_xYucatán.
_91902
650 1 4 _aCampesinado
_xYucatán.
_918049
650 1 4 _aPolítica agrícola
_xYucatán.
_990376
710 0 _aPrograma de Desarrollo Rural Integrado del Tropico Húmedo. México.
_992293
710 0 _aUACH. Departamento de Sociología Rural.
901 _aBK
942 _cFOLL
949 _bBC
_cTES
_d-33488
_eTS1
_h20710
_i80584
_si
949 _bBC
_cTES
_d-60632
_eTS2
_fc.2
_h27214
_i80584
_si
999 _c70058
_d70058